Modely a procesy zvyšovania výkonnosti podnikov

Strategická a operatívna výkonnosť podniku. Strategický model riadenia - metóda Balanced scorecard. Efektívne strategické riadenie. Operatívna výkonnosť. Procesné riadenie. Procesy zlepšovania výkonnosti.

Gespeichert in:
Bibliographische Detailangaben
1. Verfasser: Kissová, Jana, 1979-
Format: Buchkapitel
Sprache:Slowakisch
Schlagworte:
Tags: Tag hinzufügen
Keine Tags, Fügen Sie das erste Tag hinzu!

MARC

LEADER 00000nla$a2200000$$$4500
001 0068506
005 20240502071828.7
041 0 |a slo 
044 |a SK 
245 1 0 |a Modely a procesy zvyšovania výkonnosti podnikov  |c Jana Kissová 
520 |a Strategická a operatívna výkonnosť podniku. Strategický model riadenia - metóda Balanced scorecard. Efektívne strategické riadenie. Operatívna výkonnosť. Procesné riadenie. Procesy zlepšovania výkonnosti. 
610 2 0 |a podnik 
610 2 0 |a riadenie podnikové 
610 2 0 |a riadenie strategické 
610 2 0 |a riadenie operatívne 
610 2 0 |a riadenie procesné 
610 2 0 |a výkonnosť 
610 2 0 |a kontroling 
610 2 0 |a audit 
610 2 0 |a inovácia 
610 2 0 |a financie 
610 2 0 |a štandardizácia 
100 1 |a Kissová, Jana, 1979-